Ciudades más pobladas del Sur de México - Estadísticas

Estadísticas generales
  • Esta prueba ha sido intentada 24 veces
  • La puntuación promedio es 13 de 21
Estadísticas de respuestas
Región Estado Ciudad % Correcto
Suroeste Guerrero Acapulco
92%
Suroeste Oaxaca Oaxaca
92%
Sureste Quintana Roo Cancún
83%
Suroeste Guerrero Chilpancingo
83%
Sureste Campeche Ciudad del Carmen
83%
Sureste Yucatán Mérida
83%
Sureste Campeche Campeche
75%
Sureste Quintana Roo Chetumal
75%
Sureste Quintana Roo Playa del Carmen
75%
Suroeste Chiapas Tuxtla
75%
Sureste Tabasco Villahermosa
75%
Suroeste Chiapas San Cristóbal de las Casas
67%
Suroeste Chiapas Tapachula
58%
Sureste Yucatán Valladolid
58%
Sureste Yucatán Kanasín
50%
Suroeste Guerrero Iguala
42%
Sureste Campeche Champotón
33%
Suroeste Oaxaca Tuxtepec
33%
Sureste Tabasco Cárdenas
25%
Sureste Tabasco Comalcalco
25%
Suroeste Oaxaca Juchitán
25%
No se encontraron pruebas coincidentes
Distribución de puntuación
Porcentaje de gente con cada puntuación
Porcentaje por número respondido
Historial de tus puntuaciones
No has intentado esta prueba.